000 00258nam a2200109Ia 4500
008 190914s9999||||xx |||||||||||||| ||und||
100 _aHart, Wilson, Keers
245 0 _aBudgeting Principles
260 _aCanada
_bPearson
_c1983
300 _a416
942 _cBK
999 _c9772
_d9772